[Event "18. Open de la Constitución 2016"]
[Site "San Sebastian de los Reyes ES"]
[Date "2016.12.08"]
[Round "6.27"]
[White "Doval Mancheno, Pablo"]
[Black "Enriquez Pastor, Jorge"]
[Result "1/2-1/2"]
[WhiteElo "1629"]
[BlackElo "1415"]
[PlyCount "127"]
[EventDate "2016.12.03"]
[EventType "swiss"]
[EventRounds "9"]
[EventCountry "ESP"]
[SourceTitle "Ajedrez en Madrid"]
[Source "lmi"]
[SourceDate "2016.12.03"]

1. e4 c6 2. d4 d5 3. Nc3 dxe4 4. Nxe4 Bf5 5. Ng3 Bg6 6. Nf3 Nd7 7. Bd3 Ngf6 8.
O-O e6 9. Re1 Bb4 10. c3 Ba5 11. Bxg6 hxg6 12. b4 Bc7 13. Bg5 Bxg3 14. fxg3 Qb6
15. a3 O-O-O 16. Qc2 Rh5 17. Reb1 Rdh8 18. h3 Qc7 19. Bf4 Qb6 20. c4 Nb8 21. c5
Qd8 22. b5 Qd5 23. a4 Kd7 24. bxc6+ Qxc6 25. Ne5+ Rxe5 26. Bxe5 Kc8 27. a5 Nbd7
28. Bxf6 Nxf6 29. Qb2 Qa6 30. Qb5 Qxb5 31. Rxb5 Ne4 32. Rb3 Rd8 33. Rb4 Nxg3
34. Kf2 Nf5 35. Rab1 Nxd4 36. Rxb7 Nc6 37. Rxf7 Nxa5 38. Rxa7 Rd2+ 39. Kg3 Rd3+
40. Kh2 Nc6 41. Rxg7 Ne5 42. Re1 Rd5 43. Re7 Rxc5 44. Rxe6 Nd3 45. Rd1 Nf4 46.
Rf6 g5 47. Rf1 Rc2 48. R6xf4 gxf4 49. Rxf4 Kd8 50. h4 Ke8 51. Kh3 Rc7 52. h5
Rh7 53. Kh4 Rg7 54. g4 Rg8 55. h6 Rh8 56. Kh5 Ke7 57. g5 Ke8 58. g6 Rf8 59.
Rxf8+ Kxf8 60. Kg5 Kg8 61. Kf6 Kh8 62. g7+ Kg8 63. h7+ Kxh7 64. Kf7 1/2-1/2

[Event "18. Open de la Constitución 2016"]
[Site "San Sebastian de los Reyes ES"]
[Date "2016.12.08"]
[Round "6.28"]
[White "Garcia Lopez, Fernando"]
[Black "Llamas Martinez, Pablo"]
[Result "0-1"]
[WhiteElo "1608"]
[BlackElo "1411"]
[PlyCount "86"]
[EventDate "2016.12.03"]
[EventType "swiss"]
[EventRounds "9"]
[EventCountry "ESP"]
[SourceTitle "Ajedrez en Madrid"]
[Source "lmi"]
[SourceDate "2016.12.03"]

1. e4 d5 2. exd5 Nf6 3. d4 Nxd5 4. Nf3 Bf5 5. c4 Nb4 6. Qa4+ N8c6 7. Na3 e6 8.
Be3 Be7 9. Be2 Bd3 10. Ne5 Bxe2 11. Nxc6 Nxc6 12. Kxe2 O-O 13. Rhd1 Bf6 14. Nc2
Qe7 15. Kf1 Rfe8 16. Re1 Rad8 17. Rad1 a6 18. c5 Rd7 19. b4 Red8 20. d5 Rxd5
21. Rxd5 Rxd5 22. b5 Ne5 23. Nb4 Rd8 24. c6 axb5 25. Qxb5 b6 26. f4 Ng4 27. Bg1
Bc3 28. Rb1 Bxb4 29. Qe2 Nf6 30. Qb5 Bc5 31. a4 Bxg1 32. Kxg1 Qc5+ 33. Qxc5
bxc5 34. Rb5 Ne4 35. g3 Nc3 36. Rxc5 Nxa4 37. Ra5 Nc3 38. h4 Kf8 39. Kf2 Rd6
40. Ra8+ Ke7 41. Rg8 g6 42. g4 Rxc6 43. Rh8 Rc4 0-1

[Event "18. Open de la Constitución 2016"]
[Site "San Sebastian de los Reyes ES"]
[Date "2016.12.08"]
[Round "6.29"]
[White "Pareja Cerrato, Antonio"]
[Black "Gonzalez Morente, Jose A"]
[Result "0-1"]
[WhiteElo "1549"]
[BlackElo "1368"]
[PlyCount "88"]
[EventDate "2016.12.03"]
[EventType "swiss"]
[EventRounds "9"]
[EventCountry "ESP"]
[SourceTitle "Ajedrez en Madrid"]
[Source "lmi"]
[SourceDate "2016.12.03"]

1. e4 e5 2. Nf3 Nc6 3. Bc4 Bc5 4. d3 Nf6 5. Nc3 Na5 6. Bg5 Nxc4 7. dxc4 h6 8.
Bh4 g5 9. Bg3 d6 10. Na4 Nxe4 11. Nxc5 Nxg3 12. hxg3 dxc5 13. Qxd8+ Kxd8 14.
O-O-O+ Ke7 15. Nxg5 Bg4 16. Nf3 e4 17. Rde1 f5 18. Ne5 Rag8 19. f4 h5 20. Re3
Rh7 21. Rb3 b6 22. Re1 Kf6 23. Kd2 h4 24. Rh1 Rgh8 25. Nxg4+ fxg4 26. gxh4 Rxh4
27. Rxh4 Rxh4 28. Rg3 Kf5 29. Ke3 Rh1 30. Kd2 Kxf4 31. Ra3 a5 32. Ke2 g3 33. c3
Rg1 34. b4 Rxg2+ 35. Kf1 Rf2+ 36. Kg1 e3 37. Rb3 e2 38. Rb1 Ke3 39. bxa5 Kd2
40. a6 e1=Q+ 41. Rxe1 Kxe1 42. a7 Rf8 43. Kg2 Ra8 44. Kxg3 Rxa7 0-1

[Event "18. Open de la Constitución 2016"]
[Site "San Sebastian de los Reyes ES"]
[Date "2016.12.08"]
[Round "6.31"]
[White "Karunanithi, Bharath"]
[Black "Alfaya Martinez, Enrique"]
[Result "0-1"]
[WhiteElo "1345"]
[BlackElo "1584"]
[PlyCount "70"]
[EventDate "2016.12.03"]
[EventType "swiss"]
[EventRounds "9"]
[EventCountry "ESP"]
[SourceTitle "Ajedrez en Madrid"]
[Source "lmi"]
[SourceDate "2016.12.03"]

1. d4 Nf6 2. c4 g6 3. Nf3 Bg7 4. Nc3 O-O 5. Bf4 d6 6. e3 b6 7. h3 Bb7 8. Be2 c5
9. O-O Nc6 10. d5 Nb8 11. Qd2 Nbd7 12. e4 Re8 13. e5 dxe5 14. Nxe5 Nxe5 15.
Bxe5 Ne4 16. Nxe4 Bxe5 17. f4 Bg7 18. Rad1 e6 19. Bf3 exd5 20. cxd5 Bd4+ 21.
Kh1 Bxd5 22. Nf6+ Qxf6 23. Bxd5 Rad8 24. Bb3 Bxb2 25. Qc2 Rxd1 26. Qxd1 Bd4 27.
Qc2 Kg7 28. f5 Re5 29. g4 Re3 30. Qg2 Qh4 31. Rf3 Re1+ 32. Rf1 Re3 33. Rf3 Rxf3
34. Qxf3 Qe1+ 35. Kg2 Qg1# 0-1

[Event "18. Open de la Constitución 2016"]
[Site "San Sebastian de los Reyes ES"]
[Date "2016.12.08"]
[Round "6.32"]
[White "Lozano Hernanz, Rodrigo"]
[Black "Rodriguez Bernal, Herman"]
[Result "0-1"]
[WhiteElo "1379"]
[BlackElo "1816"]
[PlyCount "52"]
[EventDate "2016.12.03"]
[EventType "swiss"]
[EventRounds "9"]
[EventCountry "ESP"]
[SourceTitle "Ajedrez en Madrid"]
[Source "lmi"]
[SourceDate "2016.12.03"]

1. e4 g6 2. d4 Bg7 3. Nc3 a6 4. Be2 d6 5. Nf3 b5 6. a3 Bb7 7. O-O Nf6 8. e5
dxe5 9. dxe5 Nfd7 10. e6 fxe6 11. Ng5 h6 12. Nxe6 Qc8 13. Nxg7+ Kf7 14. Nh5
gxh5 15. Bxh5+ Kf8 16. Nd5 Nf6 17. Nf4 Nc6 18. Ng6+ Kg7 19. Nxh8 Kxh8 20. b4
Qf5 21. Bf3 Rd8 22. Qe2 Nd4 23. Qe3 Nxf3+ 24. gxf3 Rg8+ 25. Kh1 Bxf3+ 26. Qxf3
Qxf3# 0-1

[Event "18. Open de la Constitución 2016"]
[Site "San Sebastian de los Reyes ES"]
[Date "2016.12.08"]
[Round "6.35"]
[White "Tejerina Rincon, Andres"]
[Black "Martin Rodriguez, Jose Luis"]
[Result "0-1"]
[WhiteElo "1238"]
[BlackElo "1343"]
[PlyCount "82"]
[EventDate "2016.12.03"]
[EventType "swiss"]
[EventRounds "9"]
[EventCountry "ESP"]
[SourceTitle "Ajedrez en Madrid"]
[Source "lmi"]
[SourceDate "2016.12.03"]

1. e4 e6 2. Nc3 d5 3. d3 d4 4. Nb5 c6 5. c4 cxb5 6. cxb5 Qa5+ 7. Bd2 Qxb5 8.
Rc1 Nc6 9. a4 Qb6 10. Nf3 Bb4 11. Be2 Bxd2+ 12. Qxd2 Qb4 13. Rc3 dxc3 14. bxc3
Qe7 15. d4 Bd7 16. c4 Qb4 17. Qxb4 Nxb4 18. d5 Rc8 19. dxe6 Bxe6 20. O-O Nf6
21. Ng5 O-O 22. f4 Bg4 23. Rf2 Bxe2 24. Rxe2 Rxc4 25. h4 Ng4 26. g3 Rc1+ 27.
Kg2 Rc2 28. Kf3 Rxe2 29. Kxe2 Rc8 30. Kf3 Nf6 31. f5 Nc6 32. Ke3 Rd8 33. Nf3
Re8 34. Ng5 h6 35. Kf4 hxg5+ 36. hxg5 Nxe4 37. f6 gxf6 38. gxf6 Nxf6 39. Kf5
Kg7 40. Kg5 Re5+ 41. Kh4 Rh5# 0-1

[Event "18. Open de la Constitución 2016"]
[Site "San Sebastian de los Reyes ES"]
[Date "2016.12.09"]
[Round "7.1"]
[White "Martin Duque, Jesus"]
[Black "Suarez Uriel, Adrian"]
[Result "1/2-1/2"]
[WhiteElo "2295"]
[BlackElo "2360"]
[PlyCount "102"]
[EventDate "2016.12.03"]
[EventType "swiss"]
[EventRounds "9"]
[EventCountry "ESP"]
[SourceTitle "Ajedrez en Madrid"]
[Source "lmi"]
[SourceDate "2016.12.03"]

1. e4 c5 2. Nf3 Nc6 3. d4 cxd4 4. Nxd4 g6 5. c4 Bg7 6. Be3 Nf6 7. Nc3 O-O 8.
Be2 d6 9. O-O Bd7 10. Nc2 Rc8 11. f3 a6 12. Rc1 Ne5 13. Na3 Qa5 14. Qb3 Nc6 15.
Nd5 Nxd5 16. cxd5 Nd4 17. Qd3 Nxe2+ 18. Qxe2 b5 19. Rc2 Rxc2 20. Qxc2 Rc8 21.
Qb3 Qa4 22. Qxa4 bxa4 23. Rf2 Bb5 24. Rd2 f5 25. exf5 gxf5 26. Kf2 Kf7 27. Bd4
Bh6 28. Be3 f4 29. Bd4 Rc1 30. Nxb5 axb5 31. a3 Bg7 32. Bxg7 Kxg7 33. Ke2 Rh1
34. Kd3 Rxh2 35. Ke4 Kf6 36. Kxf4 Rh5 37. g4 Re5 38. Rd4 h5 39. gxh5 Rxh5 40.
Kg4 Rg5+ 41. Kf4 Rh5 42. Kg4 Rg5+ 43. Kf4 Re5 44. Kg4 e6 45. dxe6 Kxe6 46. f4
Rc5 47. Rd2 d5 48. Re2+ Kf6 49. Rd2 Ke6 50. Re2+ Kf6 51. Rd2 Ke6 1/2-1/2

[Event "18. Open de la Constitución 2016"]
[Site "San Sebastian de los Reyes ES"]
[Date "2016.12.09"]
[Round "7.2"]
[White "Alfaya Marcelo, Roberto"]
[Black "Perez Gonzalez, Jose Manuel"]
[Result "0-1"]
[WhiteElo "2114"]
[BlackElo "2315"]
[PlyCount "60"]
[EventDate "2016.12.03"]
[EventType "swiss"]
[EventRounds "9"]
[EventCountry "ESP"]
[SourceTitle "Ajedrez en Madrid"]
[Source "lmi"]
[SourceDate "2016.12.03"]

1. d4 Nf6 2. c4 g6 3. Nc3 Bg7 4. e4 d6 5. h3 O-O 6. Be3 c5 7. d5 b5 8. cxb5 a6
9. a4 Qa5 10. Bd2 axb5 11. Nxb5 Qb6 12. Qc2 Ba6 13. Bc4 Nbd7 14. f4 Bxb5 15.
Bxb5 Qxb5 16. axb5 Rxa1+ 17. Bc1 Nxe4 18. Ne2 Nef6 19. Nc3 Nb6 20. O-O Nfxd5
21. Nxd5 Nxd5 22. Qe2 e6 23. g4 Bd4+ 24. Kg2 Rxc1 25. Rf3 Rb1 26. Kg3 Rxb2 27.
Qe4 Nc3 28. Qc6 Ne2+ 29. Kh4 Bf6+ 30. g5 Nd4 0-1

[Event "18. Open de la Constitución 2016"]
[Site "San Sebastian de los Reyes ES"]
[Date "2016.12.09"]
[Round "7.3"]
[White "Cabanas Bravo, Juan Andres"]
[Black "Hernando Pertierra, Jose C"]
[Result "0-1"]
[WhiteElo "1971"]
[BlackElo "2362"]
[PlyCount "106"]
[EventDate "2016.12.03"]
[EventType "swiss"]
[EventRounds "9"]
[EventCountry "ESP"]
[SourceTitle "Ajedrez en Madrid"]
[Source "lmi"]
[SourceDate "2016.12.03"]

1. e4 g6 2. d4 Bg7 3. Bc4 d6 4. Qf3 e6 5. Ne2 a6 6. Nd2 b5 7. Bd3 Bb7 8. c3 c5
9. Qg3 cxd4 10. cxd4 Nc6 11. Nb3 Nb4 12. Bb1 Rc8 13. a3 Nc6 14. O-O Nf6 15. Bg5
h6 16. Be3 O-O 17. Qh3 h5 18. Bg5 Qb6 19. Qh4 Nh7 20. Be3 Qd8 21. Qg3 Ne7 22.
f4 Nf6 23. Nc3 Rxc3 24. bxc3 Nxe4 25. Qe1 Bd5 26. Bc1 Qa8 27. Ba2 Rc8 28. Bb2
Nf5 29. Na5 Nxc3 30. Bxd5 Qxd5 31. Rc1 Bxd4+ 32. Kh1 Ne3 33. Rf3 Ned1 34. Ba1
Rc5 35. Rxd1 Nxd1 36. Qxd1 Bb2 37. Qg1 Rc2 38. Bxb2 Rxb2 39. Rc3 Qd2 40. Rc8+
Kg7 41. Nb7 Qxf4 42. Rc6 Qe4 43. Nd8 h4 44. h3 Rb1 45. Rc1 Rb3 46. Qh2 e5 47.
Rf1 f5 48. Rc1 Kf6 49. Nc6 Rxa3 50. Nb8 a5 51. Nd7+ Ke7 52. Nb6 Ke6 53. Rd1 Qc6
0-1

[Event "18. Open de la Constitución 2016"]
[Site "San Sebastian de los Reyes ES"]
[Date "2016.12.09"]
[Round "7.4"]
[White "Torres Bosch, Jose F"]
[Black "Quevedo Marin, Manuel"]
[Result "0-1"]
[WhiteElo "2142"]
[BlackElo "2267"]
[PlyCount "88"]
[EventDate "2016.12.03"]
[EventType "swiss"]
[EventRounds "9"]
[EventCountry "ESP"]
[SourceTitle "Ajedrez en Madrid"]
[Source "lmi"]
[SourceDate "2016.12.03"]

1. d4 d5 2. c4 e6 3. Nc3 c6 4. Nf3 Nf6 5. e3 Nbd7 6. Qc2 a6 7. c5 Qe7 8. Be2 e5
9. O-O g6 10. Re1 e4 11. Nd2 Bg7 12. f3 Bh6 13. Nf1 O-O 14. b4 Re8 15. a4 Nf8
16. Ng3 Bf5 17. Nxf5 gxf5 18. f4 Kh8 19. Bd2 Ng6 20. Reb1 Rg8 21. Be1 Ng4 22.
Bxg4 fxg4 23. g3 Qe6 24. b5 axb5 25. axb5 Ne7 26. Ra4 Nf5 27. Bf2 Bg7 28. Ne2
h5 29. Qa2 Qc8 30. bxc6 bxc6 31. Rb6 Ne7 32. Ra7 Bf6 33. Nc3 Rxa7 34. Qxa7 Qa8
35. Nb5 Kg7 36. Qxa8 Rxa8 37. Nc7 Ra1+ 38. Kg2 Ra2 39. Na6 Bxd4 40. exd4 e3 41.
Nb4 Rxf2+ 42. Kg1 Rd2 43. Nxc6 Nxc6 44. Rxc6 Rd1+ 0-1

[Event "18. Open de la Constitución 2016"]
[Site "San Sebastian de los Reyes ES"]
[Date "2016.12.09"]
[Round "7.5"]
[White "Fernandez Lledo, Javier"]
[Black "Hernandez Ramos, David"]
[Result "1-0"]
[WhiteElo "2242"]
[BlackElo "1979"]
[PlyCount "91"]
[EventDate "2016.12.03"]
[EventType "swiss"]
[EventRounds "9"]
[EventCountry "ESP"]
[SourceTitle "Ajedrez en Madrid"]
[Source "lmi"]
[SourceDate "2016.12.03"]

1. e4 e6 2. d4 d5 3. Nc3 Nf6 4. Bg5 Be7 5. e5 Nfd7 6. h4 a6 7. Bxe7 Qxe7 8. Qg4
O-O 9. Bd3 c5 10. Nf3 f5 11. Qf4 Nc6 12. O-O-O b5 13. dxc5 Nxc5 14. Nd4 Bd7 15.
Nxc6 Bxc6 16. f3 Rac8 17. Ne2 b4 18. Kb1 a5 19. Nd4 Qd7 20. g4 Nxd3 21. cxd3
fxg4 22. Qxg4 Rce8 23. Rhg1 Rf7 24. f4 Bb7 25. Rc1 a4 26. Qh5 Ba6 27. Qf3 Qa7
28. Ne2 Ref8 29. Rg4 Qb8 30. Qh3 Qb5 31. Rg3 Qb6 32. Rcg1 Kh8 33. Qg2 Rg8 34.
h5 a3 35. f5 exf5 36. e6 b3 37. axb3 Qxb3 38. Nc1 Qb7 39. exf7 Qxf7 40. h6 g6
41. Qd2 Qd7 42. Qc3+ d4 43. Qxa3 Ra8 44. Qc5 Re8 45. Nb3 f4 46. Rf3 1-0

[Event "18. Open de la Constitución 2016"]
[Site "San Sebastian de los Reyes ES"]
[Date "2016.12.09"]
[Round "7.6"]
[White "Solaesa Navalpotro, Luis Julio"]
[Black "Sebastian Enesco, Alex"]
[Result "1-0"]
[WhiteElo "2209"]
[BlackElo "1864"]
[PlyCount "89"]
[EventDate "2016.12.03"]
[EventType "swiss"]
[EventRounds "9"]
[EventCountry "ESP"]
[SourceTitle "Ajedrez en Madrid"]
[Source "lmi"]
[SourceDate "2016.12.03"]

1. d4 Nf6 2. c4 g6 3. Nc3 Bg7 4. e4 d6 5. f3 O-O 6. Be3 Nbd7 7. Qd2 c5 8. Nge2
Qa5 9. d5 Ne5 10. b3 a6 11. a4 h5 12. Ra2 h4 13. Qc2 Nh5 14. Bg5 f6 15. Bxh4 g5
16. Bf2 f5 17. Be3 fxe4 18. fxe4 Nf4 19. Nxf4 gxf4 20. Bd2 f3 21. Nd1 Qd8 22.
Nf2 fxg2 23. Bxg2 e6 24. Be3 Qh4 25. O-O exd5 26. cxd5 Bg4 27. Nd3 Nf3+ 28.
Bxf3 Bxf3 29. Ne1 Bxe4 30. Qe2 Rxf1+ 31. Qxf1 Rf8 32. Qe2 Rf6 33. Nd3 Rf3 34.
Nf2 Be5 35. Nxe4 Qxe4 36. Bf2 Qg4+ 37. Kh1 Qh3 38. Bg1 Rg3 39. Rc2 Rxb3 40. Qc4
Rb1 41. Rg2+ Kf7 42. Rf2+ Ke7 43. Qe4 Qh5 44. Qxb1 Bd4 45. Qxb7+ 1-0

[Event "18. Open de la Constitución 2016"]
[Site "San Sebastian de los Reyes ES"]
[Date "2016.12.09"]
[Round "7.7"]
[White "Anton Quevedo, Andrea"]
[Black "Rottenwohrer Suarez, Juan"]
[Result "0-1"]
[WhiteElo "1907"]
[BlackElo "2171"]
[PlyCount "58"]
[EventDate "2016.12.03"]
[EventType "swiss"]
[EventRounds "9"]
[EventCountry "ESP"]
[SourceTitle "Ajedrez en Madrid"]
[Source "lmi"]
[SourceDate "2016.12.03"]

1. c4 Nf6 2. Nc3 g6 3. g3 Bg7 4. Bg2 d6 5. Nf3 O-O 6. O-O Nc6 7. d4 Bf5 8. Re1
Ne4 9. a3 Nxc3 10. bxc3 Na5 11. Qa4 c5 12. Bf4 Rc8 13. Rac1 Bd7 14. Qc2 cxd4
15. cxd4 Rxc4 16. Qb2 b5 17. e3 Qb6 18. Nd2 Rxc1 19. Rxc1 h6 20. h4 Re8 21. Nf3
Nc4 22. Qb3 e5 23. dxe5 dxe5 24. Qd1 Bg4 25. Rxc4 bxc4 26. Qa4 Re7 27. Bxe5
Bxe5 28. Nxe5 Rxe5 29. Qxc4 Be6 0-1

[Event "18. Open de la Constitución 2016"]
[Site "San Sebastian de los Reyes ES"]
[Date "2016.12.09"]
[Round "7.8"]
[White "Camarero Izquierdo, Juan Carlos"]
[Black "Lozano Suarez, Luis Miguel"]
[Result "1-0"]
[WhiteElo "1760"]
[BlackElo "2147"]
[PlyCount "70"]
[EventDate "2016.12.03"]
[EventType "swiss"]
[EventRounds "9"]
[EventCountry "ESP"]
[SourceTitle "Ajedrez en Madrid"]
[Source "lmi"]
[SourceDate "2016.12.03"]

1. d4 Nf6 2. Nc3 c5 3. d5 d6 4. e4 g6 5. Be3 Bg7 6. Be2 O-O 7. Qd2 Re8 8. h4 h5
9. Nh3 a6 10. a4 Nbd7 11. Ng5 Ne5 12. f3 Rb8 13. Bf4 Nh7 14. Bxe5 Bxe5 15. f4
Bg7 16. f5 Nxg5 17. hxg5 gxf5 18. Bxh5 e6 19. O-O-O b5 20. axb5 Qa5 21. Qe3
Qa1+ 22. Kd2 Qxb2 23. Bxf7+ Kxf7 24. Rh7 Qb4 25. g6+ Kxg6 26. Rxg7+ Kxg7 27.
Ke2 Qc4+ 28. Rd3 Rb7 29. Qg3+ Kf7 30. Qxd6 exd5 31. Kd2 dxe4 32. Rh3 Qd4+ 33.
Qxd4 cxd4 34. bxa6 dxc3+ 35. Ke3 f4+ 1-0

[Event "18. Open de la Constitución 2016"]
[Site "San Sebastian de los Reyes ES"]
[Date "2016.12.09"]
[Round "7.9"]
[White "De La Pena Garcia, Blanca"]
[Black "Vazquez Gonzalez, Jesus"]
[Result "1-0"]
[WhiteElo "1815"]
[BlackElo "1966"]
[PlyCount "169"]
[EventDate "2016.12.03"]
[EventType "swiss"]
[EventRounds "9"]
[EventCountry "ESP"]
[SourceTitle "Ajedrez en Madrid"]
[Source "lmi"]
[SourceDate "2016.12.03"]

1. e4 Nc6 2. d4 e5 3. d5 Nce7 4. Nc3 Ng6 5. Be3 Nf6 6. f3 Bb4 7. Qd2 Qe7 8. Bc4
d6 9. O-O-O Bd7 10. Kb1 b5 11. Bd3 a5 12. a3 Bxc3 13. Qxc3 b4 14. axb4 axb4 15.
Qxb4 O-O 16. b3 c5 17. dxc6 Bxc6 18. Ne2 Rfb8 19. Qc3 Qb7 20. Bc4 d5 21. exd5
Bxd5 22. Bd2 Bxc4 23. Qxc4 Rc8 24. Qd3 e4 25. Qd4 exf3 26. gxf3 Qxf3 27. Nc3
Rd8 28. Qe3 Qc6 29. h4 Qa6 30. Na4 Ng4 31. Qc5 Rdb8 32. Kc1 Qf6 33. Bc3 Qf4+
34. Rd2 Rd8 35. Qg5 Rxd2 36. Bxd2 Qf3 37. Re1 h6 38. Qh5 Rd8 39. Qa5 Ra8 40.
Qh5 Qg3 41. Qd5 Rb8 42. h5 Nf8 43. Qd4 Ne6 44. Qg1 Qh3 45. Qh1 Qxh1 46. Rxh1
Rb5 47. Rg1 f5 48. Nc3 Re5 49. b4 Kf7 50. b5 Nf6 51. b6 Nd8 52. Rh1 Nd7 53. Bf4
Ra5 54. Bc7 Ra1+ 55. Nb1 Nb7 56. Rd1 Ke6 57. Rg1 Kf7 58. Rd1 Nf6 59. Rh1 Ra5
60. Kd2 Ne8 61. Nc3 Rc5 62. Bf4 Ned6 63. Kd3 Nc4 64. Bc7 Ne5+ 65. Kd4 Nc6+ 66.
Kd3 Nb4+ 67. Kd2 Na6 68. Bf4 Rc6 69. Rb1 Rc4 70. Ne2 Nac5 71. Be3 Ne6 72. Rh1
Kf6 73. Kd3 Rb4 74. Kc3 Re4 75. Bd4+ Nxd4 76. Nxd4 Ke5 77. Nb5 Nc5 78. Ra1 f4
79. Ra7 f3 80. Re7+ Kf4 81. Rf7+ Ke3 82. Nd6 Na4+ 83. Kb3 Nc5+ 84. Kc3 Rg4 85.
Nf5+ 1-0

[Event "18. Open de la Constitución 2016"]
[Site "San Sebastian de los Reyes ES"]
[Date "2016.12.09"]
[Round "7.10"]
[White "Quintero Torres, Pedro"]
[Black "Perez Cameselle, Francisco Jose"]
[Result "1-0"]
[WhiteElo "1932"]
[BlackElo "1754"]
[PlyCount "115"]
[EventDate "2016.12.03"]
[EventType "swiss"]
[EventRounds "9"]
[EventCountry "ESP"]
[SourceTitle "Ajedrez en Madrid"]
[Source "lmi"]
[SourceDate "2016.12.03"]

1. e4 c5 2. Nf3 Nc6 3. Bb5 a6 4. Bxc6 dxc6 5. h3 Nf6 6. d3 g6 7. O-O Bg7 8. Nc3
O-O 9. Be3 Qa5 10. Nd2 Be6 11. Nb3 Bxb3 12. axb3 Qd8 13. Bxc5 Nd7 14. Be3 e6
15. Qd2 Qe7 16. Bh6 Bxh6 17. Qxh6 f5 18. exf5 exf5 19. Rfe1 Qd6 20. Re2 Rae8
21. Rae1 Rxe2 22. Rxe2 Nf6 23. Qh4 Re8 24. Rxe8+ Nxe8 25. Qc4+ Kg7 26. Ne2 Qe5
27. Qc3 Qxc3 28. bxc3 Nf6 29. Kf1 Nd5 30. Ke1 a5 31. Kd2 Kf6 32. c4 Nc7 33. Ke3
g5 34. g3 Ne6 35. d4 Nc7 36. f4 g4 37. hxg4 fxg4 38. Nc3 h5 39. Ke4 Ne8 40. c5
Ng7 41. d5 Nf5 42. Ne2 cxd5+ 43. Kxd5 Nxg3 44. Nxg3 h4 45. Ne4+ Ke7 46. Nd6 Kf6
47. Ke4 h3 48. Nf5 h2 49. Ng3 Ke6 50. f5+ Kd7 51. Kf4 Kc6 52. f6 Kd7 53. Kxg4
Ke6 54. Kg5 Kf7 55. Kf5 Kf8 56. Ke6 Ke8 57. Nh1 Kf8 58. f7 1-0

[Event "18. Open de la Constitución 2016"]
[Site "San Sebastian de los Reyes ES"]
[Date "2016.12.09"]
[Round "7.11"]
[White "Hernandez Recio, Roberto"]
[Black "Bustos Serrano, Doroteo"]
[Result "1/2-1/2"]
[WhiteElo "1800"]
[BlackElo "2035"]
[PlyCount "67"]
[EventDate "2016.12.03"]
[EventType "swiss"]
[EventRounds "9"]
[EventCountry "ESP"]
[SourceTitle "Ajedrez en Madrid"]
[Source "lmi"]
[SourceDate "2016.12.03"]

1. d4 d6 2. c4 g6 3. Nc3 Bg7 4. e4 Nc6 5. Be3 e5 6. Nge2 Nh6 7. f3 f5 8. Qd2
Nf7 9. O-O-O a6 10. h4 f4 11. Bf2 O-O 12. Kb1 exd4 13. Nxd4 Nxd4 14. Bxd4 Ne5
15. Nd5 Be6 16. b3 Bxd5 17. exd5 Qf6 18. Qb2 Qf5+ 19. Ka1 Rf7 20. Qc3 Re8 21.
Rd2 c5 22. dxc6 bxc6 23. Bd3 Qd7 24. Qb2 Rfe7 25. Bb1 c5 26. Bc3 a5 27. Rhd1
Re6 28. Be4 Kf8 29. h5 a4 30. hxg6 hxg6 31. Bd5 R6e7 32. Be4 Re6 33. Bd5 R6e7
34. Be4 1/2-1/2

[Event "18. Open de la Constitución 2016"]
[Site "San Sebastian de los Reyes ES"]
[Date "2016.12.09"]
[Round "7.12"]
[White "Gonzalez Berrendero, Carlos"]
[Black "Alvarez Abejon, Amilcar"]
[Result "0-1"]
[WhiteElo "1834"]
[BlackElo "1993"]
[PlyCount "82"]
[EventDate "2016.12.03"]
[EventType "swiss"]
[EventRounds "9"]
[EventCountry "ESP"]
[SourceTitle "Ajedrez en Madrid"]
[Source "lmi"]
[SourceDate "2016.12.03"]

1. e4 Nf6 2. e5 Nd5 3. c4 Nb6 4. Nf3 d6 5. d4 Bg4 6. h3 Bh5 7. exd6 exd6 8. Bd3
Be7 9. Be3 Nc6 10. a3 Bg6 11. O-O Bf6 12. Nc3 O-O 13. Ne4 Be7 14. Qc2 Nxc4 15.
Bxc4 d5 16. Bd3 dxe4 17. Bxe4 Bxe4 18. Qxe4 Re8 19. Qf5 Bf6 20. Rfd1 Ne7 21.
Qb5 Qd5 22. Qd3 Nf5 23. Rac1 Nxe3 24. fxe3 c6 25. Nd2 Rxe3 26. Qxe3 Bxd4 27.
Nc4 Bxe3+ 28. Nxe3 Qg5 29. Ng4 h5 30. Nh2 Rd8 31. Nf3 Qe3+ 32. Kh2 Rxd1 33.
Rxd1 Qb3 34. Rd2 c5 35. Kh1 c4 36. Ng5 g6 37. Rd8+ Kg7 38. Rd7 Qxb2 39. Rxf7+
Kg8 40. h4 Qc1+ 41. Kh2 Qxg5 0-1

[Event "18. Open de la Constitución 2016"]
[Site "San Sebastian de los Reyes ES"]
[Date "2016.12.09"]
[Round "7.13"]
[White "Alvarez Gonzalez, Eduardo"]
[Black "Perez Ordonez, Jose Ramon"]
[Result "0-1"]
[WhiteElo "1816"]
[BlackElo "1971"]
[PlyCount "76"]
[EventDate "2016.12.03"]
[EventType "swiss"]
[EventRounds "9"]
[EventCountry "ESP"]
[SourceTitle "Ajedrez en Madrid"]
[Source "lmi"]
[SourceDate "2016.12.03"]

1. d4 Nf6 2. Nf3 e6 3. c4 b6 4. g3 c5 5. d5 exd5 6. cxd5 d6 7. Nc3 g6 8. Bg2
Bg7 9. O-O O-O 10. e4 a6 11. a4 Nbd7 12. h3 Qc7 13. Be3 Rb8 14. Qe2 Re8 15. Nd2
h6 16. f3 Kh7 17. g4 Nf8 18. Rfe1 Re7 19. Rec1 Qd8 20. Kh2 Ne8 21. Qd3 Nc7 22.
Ra2 b5 23. axb5 axb5 24. Qb1 Na6 25. Bf1 Nb4 26. Ra1 Bd7 27. Bf2 Be5+ 28. Bg3
g5 29. Bxe5 Rxe5 30. Ne2 Ng6 31. Rc3 Kg8 32. Rca3 Qe8 33. Qd1 Re7 34. Nb3 f6
35. Ra7 Rh7 36. Ng3 Nf4 37. Nf5 Bxf5 38. Rxh7 Bxh7 0-1

[Event "18. Open de la Constitución 2016"]
[Site "San Sebastian de los Reyes ES"]
[Date "2016.12.09"]
[Round "7.14"]
[White "Romero Fite, Miguel"]
[Black "Bombin Pinera, Dionisio"]
[Result "0-1"]
[WhiteElo "1790"]
[BlackElo "1956"]
[PlyCount "118"]
[EventDate "2016.12.03"]
[EventType "swiss"]
[EventRounds "9"]
[EventCountry "ESP"]
[SourceTitle "Ajedrez en Madrid"]
[Source "lmi"]
[SourceDate "2016.12.03"]

1. d4 Nf6 2. c4 d6 3. Nc3 Nbd7 4. e4 e5 5. d5 Be7 6. Bd3 O-O 7. Nge2 h6 8. f3
Nh7 9. Be3 Bg5 10. Bf2 a6 11. O-O Re8 12. b4 Ndf8 13. Re1 Ng6 14. Nc1 Bxc1 15.
Rxc1 Nf4 16. Bf1 Qg5 17. Kh1 Nf6 18. c5 Bd7 19. Rc2 h5 20. Qc1 h4 21. Be3 N6h5
22. Bxf4 exf4 23. Ne2 Qe5 24. Qb2 Bb5 25. Qxe5 dxe5 26. Nc3 Bxf1 27. Rxf1 Nf6
28. Rd1 Red8 29. a4 Kf8 30. a5 Ke7 31. Na4 Rab8 32. Kg1 Rd7 33. Kf2 Ne8 34. Nb2
Rbd8 35. Nc4 f6 36. Rb2 Kf8 37. Ke2 g6 38. Rbd2 Ke7 39. Rg1 Kf8 40. Kd1 Rh7 41.
Kc2 g5 42. Rgd1 Rhd7 43. Kb3 Ke7 44. Rg1 Kf8 45. Rc1 Ke7 46. Rg1 Kf8 47. Rgd1
Ke7 48. Ka4 Kf7 49. b5 axb5+ 50. Kxb5 Kf8 51. Ka4 h3 52. g4 fxg3 53. hxg3 g4
54. fxg4 Rg7 55. Ne3 b6 56. axb6 cxb6 57. Rh2 bxc5 58. Rf1 Rb7 59. Rxh3 Ra8#
0-1